• 首页
  • 本馆介绍
  • 公告通知
  • 最新文献
  • 馆藏检索
  • 电子资源
  • 读者导购
  • 参考咨询
  • 我的图书馆
  • 登录
  • 详细信息显示
  • 放入我的书架
  • 预约/预借图书
  • 作者相关作品
  • 分类相关作品
  • 丛书相关作品
  • 出版社相关作品

书目信息

  • 表格格式
  • 工作单格式
  • 卡片格式
题名:
关节炎诊疗与自我康复问答
    
 
作者: 苏峰 主编
分册:  
出版信息: 北京   化学工业出版社  2016
页数: 198页
开本: 24cm
丛书名: 医学专家进社区丛书
单 册:
中图分类: R684.3
科图分类:
主题词: 关节炎--guan jie yan--诊疗 , 关节炎--guan jie yan--康复
电子资源:
ISBN: 978-7-122-27719-0
000 00994nam0 22002651 450
001 0117143947
005 20170617143947.0
010    @a978-7-122-27719-0@dCNY39.80
100    @a20161008d2016 em y0chiy50 ea
101 0  @achi
102    @aCN@b110000
105    @aa z 000yy
106    @ar
200 1  @a关节炎诊疗与自我康复问答@Aguan jie yan zhen liao yu zi wo kang fu wen da@f苏峰主编
210    @a北京@c化学工业出版社@d2016
215    @a198页@c图@d24cm
225 2  @a医学专家进社区丛书@Ayi xue zhuan jia jin she qu cong shu
330    @a本书对类风湿关节炎、骨关节炎、强直性脊柱炎、Reiter综合征、化脓性关节炎、结核性关节炎、痛风性关节炎的认识、误区、病因、临床表现、诊断、鉴别诊断、各种治疗方法以及预防、康复其进行了全面的叙述。
461  0 @12001 @a医学专家进社区丛书
606 0  @a关节炎@Aguan jie yan@x诊疗
606 0  @a关节炎@Aguan jie yan@x康复
690    @aR684.3@v5
701  0 @a苏峰@Asu feng@4主编
801  0 @aCN@bTANG WEI@c20170608
905    @b0972626-9@dR684.3@e48@f4
    
    关节炎诊疗与自我康复问答/苏峰主编.-北京:化学工业出版社,2016
    198页:图;24cm.-(医学专家进社区丛书)
    
    
    ISBN 978-7-122-27719-0:CNY39.80
    本书对类风湿关节炎、骨关节炎、强直性脊柱炎、Reiter综合征、化脓性关节炎、结核性关节炎、痛风性关节炎的认识、误区、病因、临床表现、诊断、鉴别诊断、各种治疗方法以及预防、康复其进行了全面的叙述。
●
相关链接 在E读中查询图书 在五车中查询图书 在当当中查询图书 在豆瓣中查询图书


正题名:关节炎诊疗与自我康复问答     索取号:R684.3/48         预约/预借

序号 登录号 条形码 馆藏地/架位号 状态 备注
1 0972626   209726260   第二样本阅览室/ [索取号:R684.3/48] 在馆    
2 0972627   209726279   第三借阅区/ [索取号:R684.3/48] 在馆    
3 0972628   209726288   第三借阅区/ [索取号:R684.3/48] 在馆    
4 0972629   209726297   第三借阅区/ [索取号:R684.3/48] 在馆    
唐山师范学院图书馆 欢迎您!
大连网信软件有限公司© 版权所有